000 00794nam a2200253Ia 4500
003 GCL
008 140319s9999 xx 000 0 ara d
040 _aGCL /
_cGCL
082 0 4 _a805
_bد هـ
100 1 _aدار الهلال
245 1 0 _aالهلال - سبتمبر 1986 /
_cدار الهلال
300 _a194 ص
490 _aالهيئة العامة للاستعلامات
_v0
650 0 4 _aالشعر العربى
650 0 4 _aالقصص القصيرة
650 0 4 _aالفولكلور
650 0 4 _aعسل النحل
650 0 4 _aالفنون التشكيلية
650 0 4 _aالدوريات
650 0 4 _aجرجى زيدان
650 0 4 _aالابداع
650 0 4 _aالشعر العربى - تاريخ ونقد - العصر الجاهلى
942 _2ddc
_cBK
999 _c51602
_d51602